[Event "Nordic Chess Championship 2019"]
[Site "Quality Sarpsborg Hotel"]
[Date "2019.06.26"]
[Round "8"]
[White "Lindgren, Philip"]
[Black "Blauhut, Holger"]
[Result "1/2-1/2"]
[WhiteElo "2384"]
[BlackElo "2041"]
[PlyCount "149"]
[EventDate "2019.??.??"]

1. d4 d5 2. c4 e6 3. Nf3 Nf6 4. g3 Bb4+ 5. Bd2 Bd6 6. Qc2 O-O 7. Nc3 Nbd7 8. c5
Be7 9. b4 c6 10. Rd1 Re8 11. e4 dxe4 12. Nxe4 Nxe4 13. Qxe4 Nf6 14. Qc2 Nd5 15.
Bd3 h6 16. Ne5 Bf6 17. O-O Bd7 18. Rfe1 Rf8 19. Re4 Be8 20. Rde1 Be7 21. R4e2
Rc8 22. Nf3 Bf6 23. Qc4 h5 24. Bb1 g6 25. Bh6 Bg7 26. Bxg7 Kxg7 27. a3 Rh8 28.
h4 Rc7 29. Ng5 Bd7 30. Qd3 Qe8 31. Qf3 Bc8 32. Ba2 Qd8 33. Ne4 Rf8 34. Kg2 e5
35. Rd2 f5 36. Nd6 e4 37. Qb3 Be6 38. Qb2 Qf6 39. Rdd1 a6 40. Qd2 Ne7 41. Bxe6
Qxe6 42. f3 exf3+ 43. Kxf3 Qf6 44. Re5 Kg8 45. Qg5 Qxg5 46. hxg5 Nd5 47. Re6
Kh7 48. Rde1 Rd7 49. Re8 Rxe8 50. Rxe8 Nc3 51. Rb8 Nb5 52. Rxb7 Rxb7 53. Nxb7
Nxd4+ 54. Kf4 Ne2+ 55. Ke3 Nxg3 56. Nd8 h4 57. Kf3 Ne4 58. Nxc6 Nxg5+ 59. Kg2
Ne6 60. Ne7 Nc7 61. Kh3 Kg7 62. Kxh4 Kf6 63. Nc6 g5+ 64. Kg3 g4 65. a4 Ke6 66.
Nd4+ Ke5 67. Ne2 Ne6 68. c6 Nc7 69. Nc3 Kd6 70. b5 axb5 71. axb5 Kc5 72. Kf4
Kb6 73. Kxf5 Nxb5 74. Nxb5 Kxc6 75. Kxg4 
1/2-1/2

[Event "Nordic Chess Championship 2019"]
[Site "Quality Sarpsborg Hotel"]
[Date "2019.06.26"]
[Round "8"]
[White "Hamre, Kenneth"]
[Black "RydstrÃ¶m, Tom"]
[Result "0-1"]
[WhiteElo "2033"]
[BlackElo "2370"]
[PlyCount "96"]
[EventDate "2019.??.??"]

1. e4 e5 2. Nf3 Nc6 3. Bb5 a6 4. Bxc6 dxc6 5. O-O Bg4 6. h3 Bh5 7. d3 f6 8. Be3
Bd6 9. Re1 Ne7 10. c3 c5 11. Nbd2 Nc6 12. a4 Qe7 13. Qc2 O-O-O 14. Nh4 Qf8 15.
Nf5 Bf7 16. a5 g5 17. Nb3 g4 18. h4 g3 19. fxg3 Ne7 20. Nxd6+ cxd6 21. Nd2 Rg8
22. Bf2 f5 23. exf5 Nxf5 24. Ne4 Kb8 25. b4 cxb4 26. cxb4 Rc8 27. Qe2 Be8 28.
d4 d5 29. Ng5 e4 30. g4 Nd6 31. Bg3 Ka8 32. Nxh7 Qe7 33. Ng5 Nc4 34. Qc2 Bb5
35. Nh3 Ne5 36. Qd2 Nxg4 37. Qf4 Qxb4 38. Ng5 Qxd4+ 39. Kh1 Bd7 40. Rad1 Qc4
41. Qd6 Bc6 42. Ne6 e3 43. Rc1 Qe4 44. Nc7+ Rxc7 45. Qxc7 d4 46. Rxc6 Qxc6 47.
Qxc6 bxc6 48. Bd6 d3 0-1

[Event "Nordic Chess Championship 2019"]
[Site "Quality Sarpsborg Hotel"]
[Date "2019.06.26"]
[Round "8"]
[White "Haugli, Petter"]
[Black "Dragicevic, Drazen"]
[Result "1-0"]
[WhiteElo "2223"]
[BlackElo "2359"]
[PlyCount "127"]
[EventDate "2019.??.??"]

1. c4 c5 2. Nc3 Nc6 3. g3 g6 4. Bg2 Bg7 5. Nf3 d6 6. O-O e5 7. a3 a5 8. Ne1 Be6
9. d3 Nge7 10. Nc2 d5 11. cxd5 Nxd5 12. Ne3 Nde7 13. Nc4 O-O 14. Bg5 f6 15. Be3
b6 16. Qa4 Rc8 17. Qb5 Bxc4 18. Qxc4+ Kh8 19. Bd2 Qd7 20. Qb5 Qc7 21. e3 Rfd8
22. Rfd1 f5 23. Rac1 Rb8 24. Qc4 Qd7 25. Be1 h6 26. Qb5 Qd6 27. Qc4 Qd7 28. Qb5
Qe6 29. b3 Na7 30. Qc4 Qd7 31. a4 Nac6 32. Bf3 Nb4 33. Be2 h5 34. Nb5 Nec6 35.
Bxb4 axb4 36. Bf3 Na5 37. Qc2 Qf7 38. Rb1 Rbc8 39. Be2 Kh7 40. Bf3 Kh8 41. h4
Qe6 42. Bg2 Rf8 43. Bf3 Rf7 44. d4 cxd4 45. Qd2 Rd7 46. exd4 e4 47. Be2 Qe7 48.
d5 Bc3 49. Qh6+ Qh7 50. Qe3 Be5 51. Qxb6 Rc2 52. Nd4 Bxd4 53. Qxd4+ Qg7 54. Bb5
Qxd4 55. Rxd4 Rd6 56. Bf1 Rc3 57. Rxb4 Rxd5 58. Rb5 Rxb5 59. axb5 Kg7 60. Ra1
Nxb3 61. Ra3 f4 62. b6 fxg3 63. b7 gxf2+ 64. Kg2 
1-0

[Event "Nordic Chess Championship 2019"]
[Site "Quality Sarpsborg Hotel"]
[Date "2019.06.26"]
[Round "8"]
[White "Vestby-Ellingsen, Mads"]
[Black "Ingebretsen, Jens E"]
[Result "0-1"]
[WhiteElo "2345"]
[BlackElo "2263"]
[PlyCount "218"]
[EventDate "2019.??.??"]

1. Nf3 d5 2. e3 Nf6 3. c4 e6 4. b3 Be7 5. Nc3 O-O 6. Bb2 b6 7. cxd5 exd5 8. d4
c5 9. Be2 Nc6 10. O-O Bb7 11. dxc5 bxc5 12. Rc1 Rc8 13. Qd3 Nb4 14. Qb1 Qa5 15.
a3 Nc6 16. Rfd1 Rfd8 17. Na4 Ne4 18. Qa1 Bf8 19. Ne5 c4 20. Nxc6 Bxc6 21. Nc3
cxb3 22. Nxe4 dxe4 23. Bc4 Ba4 24. Rxd8 Rxd8 25. Qb1 Qd2 26. Bc3 Qd7 27. Bxb3
Bxa3 28. Bxa4 Qxa4 29. Rf1 Bf8 30. Bd4 a5 31. Qb6 Rc8 32. h3 Qb4 33. Qa6 Rc2
34. Qa8 a4 35. Qxe4 Qc4 36. Qa8 a3 37. Ra1 a2 38. Be5 h6 39. g4 Qe2 40. Bg3 Rb2
41. Kh2 g6 42. Bh4 Qc2 43. Kg2 Qb1 44. Be7 Rb8 45. Qxa2 Qxa2 46. Rxa2 Bxe7 47.
Kg3 Bf6 48. Rc2 Rb3 49. Ra2 Kg7 50. Rc2 Be5+ 51. Kg2 Rb2 52. Rc6 Ra2 53. Kf3
Bf6 54. Kg3 Be7 55. Rc4 Rb2 56. Rc1 Bb4 57. Ra1 Kf6 58. Ra6+ Ke7 59. Ra7+ Ke6
60. Ra6+ Bd6+ 61. Kf3 Rb5 62. Kg2 h5 63. gxh5 Rg5+ 64. Kf3 Rxh5 65. Kg2 Rb5 66.
Ra1 Rb4 67. Kf3 Rc4 68. Rb1 Ra4 69. Rc1 Be7 70. Rc2 Bh4 71. Rb2 Kf6 72. Rb6+
Kg7 73. Rb2 Bf6 74. Rc2 Rb4 75. Ra2 Rb2 76. Ra4 Rc2 77. Kg2 Be7 78. Kf3 Rb2 79.
Rc4 Bb4 80. Rc1 Bd2 81. Ra1 Kh6 82. Kg3 Rc2 83. Rb1 Rc4 84. Ra1 Bc3 85. Ra2
Be5+ 86. Kg2 Bc7 87. Rb2 f5 88. Ra2 f4 89. exf4 Rxf4 90. Rc2 Be5 91. Re2 Bd4
92. Kg3 Rf5 93. Rd2 Bc5 94. Rc2 Kh5 95. Ra2 Bd6+ 96. Kg2 Rg5+ 97. Kh1 Kh4 98.
Ra6 Bc5 99. Kh2 Bxf2 100. Ra4+ Kh5 101. Ra3 Bd4 102. Ra8 Be5+ 103. Kh1 Rg3 104.
Re8 Rxh3+ 105. Kg2 Re3 106. Kf2 Bd4 107. Rd8 Bb6 108. Rb8 Re6+ 109. Kf3 Rf6+
0-1

[Event "Nordic Chess Championship 2019"]
[Site "Quality Sarpsborg Hotel"]
[Date "2019.06.26"]
[Round "8"]
[White "Ernst, Thomas"]
[Black "Gonzales, Francisco Silva"]
[Result "1-0"]
[WhiteElo "2342"]
[BlackElo "2095"]
[PlyCount "109"]
[EventDate "2019.??.??"]

1. d4 Nf6 2. c4 e6 3. Nc3 Bb4 4. f3 c5 5. d5 O-O 6. e4 d6 7. Nge2 exd5 8. cxd5
Re8 9. Ng3 Nbd7 10. Be2 Ne5 11. O-O a6 12. Bg5 h6 13. Bxf6 Qxf6 14. f4 Ng6 15.
Qc1 Qh4 16. Kh1 Bd7 17. Qe3 b5 18. Nh5 Bg4 19. Bxg4 Qxg4 20. Ng3 c4 21. Rae1
Bc5 22. Qd2 b4 23. Na4 Ba7 24. Nf5 Rad8 25. h3 Qh5 26. Qxb4 Rxe4 27. Rxe4 Qxf5
28. Qxc4 Rc8 29. Qe2 Qxd5 30. Re8+ Rxe8 31. Qxe8+ Kh7 32. Nc3 Qc4 33. Qe2 Qc5
34. Qd3 Qb6 35. b3 Kg8 36. Nd5 Qa5 37. a4 Kf8 38. Rc1 Kg8 39. g3 Bf2 40. Kg2
Ba7 41. h4 Bc5 42. b4 Bxb4 43. Rc8+ Kh7 44. h5 Qxa4 45. hxg6+ fxg6 46. f5 h5
47. fxg6+ Kh6 48. Rh8+ Kg5 49. Nf4 Kf6 50. Rf8+ Ke7 51. Rf7+ Kd8 52. Ne6+ Ke8
53. Nxg7+ Kd8 54. Qc4 Qa5 55. Ne6+ 
1-0

[Event "Nordic Chess Championship 2019"]
[Site "Quality Sarpsborg Hotel"]
[Date "2019.06.26"]
[Round "8"]
[White "Schouten, Mathias Lind"]
[Black "Hobber, Anders"]
[Result "0-1"]
[WhiteElo "1967"]
[BlackElo "2282"]
[PlyCount "46"]
[EventDate "2019.??.??"]

1. e4 g6 2. d4 Bg7 3. Nf3 d6 4. Nc3 a6 5. a4 Nf6 6. Be3 Nc6 7. Be2 O-O 8. O-O
Bg4 9. d5 Nb8 10. h3 Bxf3 11. Bxf3 c6 12. Qd2 Nbd7 13. g3 cxd5 14. Nxd5 Ne5 15.
Nxf6+ Bxf6 16. Be2 Qc8 17. Bd4 Qxh3 18. Bxe5 Bxe5 19. c4 h5 20. Qg5 Bxb2 21.
Rab1 Bf6 22. Qd5 h4 23. Rb3 Be5 
0-1

[Event "Nordic Chess Championship 2019"]
[Site "Quality Sarpsborg Hotel"]
[Date "2019.06.26"]
[Round "8"]
[White "Vitenberg, Noam Aviv"]
[Black "Rishovd, Svein"]
[Result "1-0"]
[WhiteElo "2256"]
[BlackElo "2113"]
[PlyCount "81"]
[EventDate "2019.??.??"]

1. d4 d5 2. c4 dxc4 3. e3 e5 4. Bxc4 exd4 5. exd4 Bd6 6. Nf3 Nf6 7. Qe2+ Qe7 8.
Qxe7+ Bxe7 9. O-O Nbd7 10. Re1 Nb6 11. Bb3 Nfd5 12. Nc3 c6 13. Re2 Be6 14. Bg5
h6 15. Bxe7 Kxe7 16. Ne4 Nf4 17. Ree1 Nbd5 18. g3 Ng6 19. Nc5 b6 20. Nxe6 fxe6
21. Rac1 Rac8 22. Bc2 Rhf8 23. Kg2 Nh8 24. Ne5 Kd6 25. Ba4 b5 26. Bd1 Nf7 27.
Nd3 Rc7 28. Bg4 Nd8 29. Rc2 g5 30. Rce2 Re7 31. Nc5 Nc7 32. a4 a6 33. Rh1 Kd5
34. b4 Kc4 35. Rb1 bxa4 36. Bf3 Nd5 37. Rc2+ Kxd4 38. Re1 Nf6 39. g4 h5 40.
Rd1+ Ke5 41. Re2+ 
1-0

[Event "Nordic Chess Championship 2019"]
[Site "Quality Sarpsborg Hotel"]
[Date "2019.06.26"]
[Round "8"]
[White "Altarbosh, Ward"]
[Black "Unneland, Mathias"]
[Result "0-1"]
[WhiteElo "2250"]
[BlackElo "1980"]
[PlyCount "122"]
[EventDate "2019.??.??"]

1. e4 e6 2. d4 d5 3. exd5 exd5 4. Bd3 Bd6 5. Nc3 c6 6. Nge2 Ne7 7. Bg5 O-O 8.
Qd2 h6 9. Bf4 Bf5 10. O-O-O Bxd3 11. Qxd3 Bxf4+ 12. Nxf4 Qd6 13. Nce2 Na6 14.
c3 Nc7 15. h4 Ne6 16. Nh5 g6 17. Nf6+ Kg7 18. Ng4 Nf4 19. Qf3 Nxe2+ 20. Qxe2
Qf4+ 21. Rd2 Qe4 22. Qd1 h5 23. f3 Qf4 24. Ne5 Rh8 25. Nd3 Qf6 26. g3 Nf5 27.
Qe1 Rae8 28. Ne5 c5 29. Qf2 cxd4 30. cxd4 Nxd4 31. Qxd4 Qxe5 32. Qxe5+ Rxe5 33.
Rd3 Re2 34. Rxd5 Rc8+ 35. Kb1 Rcc2 36. Rb5 b6 37. Rd1 Rcd2 38. Rxd2 Rxd2 39. g4
hxg4 40. fxg4 Rd4 41. g5 Rxh4 42. Rd5 Rf4 43. Rd7 a5 44. Rb7 Rf5 45. Rxb6 Rxg5
46. a4 Rg1+ 47. Ka2 f5 48. Rb7+ Kh6 49. b4 axb4 50. a5 Rd1 51. a6 Rd6 52. a7
Ra6+ 53. Kb3 Kg5 54. Kxb4 Kf4 55. Kc4 g5 56. Kd3 Kf3 57. Kd4 Kf4 58. Rf7 g4 59.
Kd3 Ra2 60. Kd4 g3 61. Rg7 Kf3 
0-1

[Event "Nordic Chess Championship 2019"]
[Site "Quality Sarpsborg Hotel"]
[Date "2019.06.26"]
[Round "8"]
[White "Nordtug, Per Øistein"]
[Black "Thorn, Eric"]
[Result "0-1"]
[WhiteElo "1456"]
[BlackElo "2230"]
[PlyCount "25"]
[EventDate "2019.??.??"]

1. c4 Nf6 2. Nc3 e6 3. d4 Bb4 4. Bg5 c5 5. Nf3 O-O 6. e3 Qa5 7. Qc2 Ne4 8. Bd3
cxd4 9. Bxe4 f5 10. Bd3 dxc3 11. O-O cxb2 12. Qxb2 Bc3 13. Qxb7 
0-1

[Event "Nordic Chess Championship 2019"]
[Site "Quality Sarpsborg Hotel"]
[Date "2019.06.26"]
[Round "8"]
[White "Tunsjø, Axel"]
[Black "Sjøberg, Isak"]
[Result "0-1"]
[WhiteElo "2002"]
[BlackElo "2222"]
[PlyCount "72"]
[EventDate "2019.??.??"]

1. e4 e5 2. Nc3 Nf6 3. Bc4 Nc6 4. d3 Bb4 5. Bd2 Bxc3 6. bxc3 O-O 7. Qf3 d5 8.
Bxd5 Nxd5 9. exd5 Ne7 10. c4 c6 11. dxc6 Nxc6 12. Ne2 Re8 13. Bc3 Qh4 14. O-O
Ne7 15. Rae1 Ng6 16. Qg3 Bd7 17. f4 Qxg3 18. hxg3 f6 19. f5 Ne7 20. g4 h5 21.
gxh5 Nxf5 22. Bd2 Rac8 23. g4 Nd6 24. g5 f5 25. Bb4 Nf7 26. Ng3 f4 27. Ne4 Ra8
28. Rf2 Bc6 29. Nd6 Nxg5 30. Nxe8 Rxe8 31. Kf1 Nf3 32. Ree2 Re6 33. Bc3 Rh6 34.
Bxe5 Rxh5 35. Bxf4 Rh1+ 36. Kg2 Rg1+ 
0-1

[Event "Nordic Chess Championship 2019"]
[Site "Quality Sarpsborg Hotel"]
[Date "2019.06.26"]
[Round "8"]
[White "Pettersen, Morgan Buckholm"]
[Black "Ptacnikova, Lenka"]
[Result "0-1"]
[WhiteElo "1508"]
[BlackElo "2145"]
[PlyCount "160"]
[EventDate "2019.??.??"]

1. d4 g6 2. c4 Bg7 3. Nf3 d6 4. Nc3 Nf6 5. e4 O-O 6. Be2 Nbd7 7. O-O e5 8. Bg5
c6 9. Re1 Re8 10. Bf1 Qc7 11. Qd2 a6 12. a4 a5 13. d5 c5 14. Nb5 Qb6 15. Ra3
Nb8 16. h3 Na6 17. Qd1 h6 18. Bh4 Nh5 19. Nd2 Bf6 20. Bxf6 Nxf6 21. Qf3 Kg7 22.
Nb1 Bd7 23. N1c3 Nb4 24. Qd1 Rf8 25. Bd3 Rae8 26. Bb1 Bc8 27. Qd2 Nh5 28. Ne2
g5 29. Rf3 Qd8 30. Kh2 f6 31. g3 Kg6 32. Ng1 Rh8 33. Qe2 Qe7 34. Re3 Reg8 35.
Qf3 Rd8 36. Qd1 Rhg8 37. Nc3 Qf7 38. Rf3 Kh7 39. Rfe3 Qg6 40. Nf3 Kh8 41. Nb5
Ng7 42. Ng1 h5 43. Nf3 Qh6 44. h4 Qg6 45. Rh1 g4 46. Nd2 Rgf8 47. Qe2 Kg8 48.
Rf1 Rf7 49. Kg2 Kf8 50. Nb3 b6 51. Nd2 Ke7 52. Kg1 Bd7 53. Nc3 Rdf8 54. Qd1 Ne8
55. Nb5 Kd8 56. Qe2 Kc8 57. Rb3 Kb7 58. Qe3 Rg8 59. Kg2 Qg7 60. Kg1 Qf8 61. Nc3
Rg6 62. Qe2 Ng7 63. Nd1 Bxa4 64. Ra3 Bd7 65. Ne3 Qc8 66. Nc2 Rf8 67. Nxb4 cxb4
68. Ra2 Ne8 69. Bd3 Nc7 70. Rfa1 Qb8 71. Nf1 Na6 72. Qe3 Nc5 73. Bc2 Qc7 74.
Qe2 b3 75. Bxb3 Nxb3 76. Rb1 Rc8 77. Nd2 Nxd2 78. Qxd2 Qxc4 79. b4 a4 80. Rbb2
Qc1+ 0-1

[Event "Nordic Chess Championship 2019"]
[Site "Quality Sarpsborg Hotel"]
[Date "2019.06.26"]
[Round "8"]
[White "Kvaløy, Aksel Bu"]
[Black "Kristiansen, Rune Harald"]
[Result "1-0"]
[WhiteElo "2138"]
[BlackElo "1849"]
[PlyCount "107"]
[EventDate "2019.??.??"]

1. c4 e6 2. Nc3 b6 3. e4 Bb7 4. Nge2 d6 5. g3 Nd7 6. Bg2 h5 7. h4 Ngf6 8. O-O
e5 9. d3 c6 10. d4 Be7 11. f3 Qc7 12. Be3 exd4 13. Nxd4 Ne5 14. Qe2 Ba6 15. b3
g6 16. f4 Neg4 17. Nxc6 Nxe3 18. Qxe3 Bb7 19. Nxe7 Qxe7 20. Qd4 O-O 21. Rae1
Ng4 22. Nd5 Bxd5 23. Qxd5 Qc7 24. Qd4 Qc5 25. Qxc5 dxc5 26. e5 Rad8 27. Bd5 Kg7
28. f5 Nh6 29. f6+ Kh7 30. e6 fxe6 31. Rxe6 Nf5 32. Kg2 Rd7 33. g4 hxg4 34. h5
Rdf7 35. hxg6+ Kxg6 36. Be4 Rxf6 37. Bxf5+ Kg5 38. Rxf6 Rxf6 39. Bc2 Rxf1 40.
Kxf1 Kf4 41. Kf2 g3+ 42. Kg2 Ke3 43. Kxg3 Kd2 44. Be4 Kc3 45. Bc6 Kb2 46. a4
Kxb3 47. Bb5 Kb4 48. Kf4 Ka5 49. Ke4 a6 50. Bd7 Kb4 51. Kd3 Kb3 52. Bc8 Kxa4
53. Bxa6 Ka5 54. Bb5 
1-0

[Event "Nordic Chess Championship 2019"]
[Site "Quality Sarpsborg Hotel"]
[Date "2019.06.26"]
[Round "8"]
[White "Nilsen, Tobias Lang"]
[Black "Sahl, Sheila Barth"]
[Result "1/2-1/2"]
[WhiteElo "1986"]
[BlackElo "2127"]
[PlyCount "62"]
[EventDate "2019.??.??"]

1. e4 c6 2. Nf3 g6 3. d4 d5 4. Nc3 Bg7 5. h3 dxe4 6. Nxe4 Nd7 7. Bc4 Ngf6 8.
Nxf6+ Nxf6 9. O-O O-O 10. Re1 Qc7 11. Qe2 e6 12. c3 b6 13. Ne5 Bb7 14. Bf4 Qe7
15. Rad1 Nd5 16. Bg3 Rad8 17. Nd3 c5 18. dxc5 bxc5 19. Be5 Ba8 20. Bxg7 Kxg7
21. f3 Nb6 22. Qe5+ Qf6 23. b3 Qxe5 24. Nxe5 Bd5 25. Bxd5 exd5 26. Nd3 c4 27.
Nb4 cxb3 28. axb3 Rc8 29. Nxd5 Nxd5 30. Rxd5 Rxc3 31. Rd7 Rxb3 
1/2-1/2

[Event "Nordic Chess Championship 2019"]
[Site "Quality Sarpsborg Hotel"]
[Date "2019.06.26"]
[Round "8"]
[White "Haggar, Haytham"]
[Black "Dingertz, Erik"]
[Result "0-1"]
[WhiteElo "1309"]
[BlackElo "1969"]
[PlyCount "84"]
[EventDate "2019.??.??"]

1. d4 Nf6 2. c4 e6 3. Nc3 Bb4 4. a3 Bxc3+ 5. bxc3 c5 6. d5 Qa5 7. Bb2 O-O 8. f3
d6 9. e4 exd5 10. cxd5 b5 11. Qd2 Nbd7 12. Ne2 Re8 13. Ng3 Bb7 14. Be2 a6 15.
O-O c4 16. Kh1 Nc5 17. Rab1 Rad8 18. Nf5 Re5 19. Qg5 Ne8 20. Bc1 f6 21. Qg3
Qxc3 22. Bh6 Nxe4 23. Qg4 Ng5 24. Bxg5 fxg5 25. Qxg5 Rd7 26. Qg4 Nf6 27. Nh6+
Kf8 28. Qf4 Qe3 29. Qg3 Qxh6 30. Rfe1 Rde7 31. Qf2 Qe3 32. Qh4 Qc3 33. Qf2 Qc2
34. Rbc1 Rxe2 35. Qf1 Nxd5 36. Rxe2 Qxe2 37. Qg1 c3 38. h4 c2 39. Kh2 Ne3 40.
Kh3 Qd1 41. Qh2 Bc8+ 42. Kg3 Qxc1 
0-1

[Event "Nordic Chess Championship 2019"]
[Site "Quality Sarpsborg Hotel"]
[Date "2019.06.26"]
[Round "8"]
[White "Blauhut, Anna"]
[Black "Dingertz, Filip"]
[Result "0-1"]
[WhiteElo "1156"]
[BlackElo "1111"]
[PlyCount "48"]
[EventDate "2019.??.??"]

1. e4 e5 2. Nf3 Nc6 3. Bc4 Bc5 4. c3 Nf6 5. d3 d5 6. exd5 Nxd5 7. O-O O-O 8. b4
Bb6 9. a4 a6 10. h3 Re8 11. Re1 Ba7 12. Bb2 Nf6 13. Nbd2 Bf5 14. b5 Na5 15. Ba2
e4 16. dxe4 Nxe4 17. Nxe4 Bxe4 18. Nd4 Qf6 19. Qd2 Rad8 20. Rad1 c5 21. c4 cxd4
22. Qxa5 Qg6 23. g3 Qf5 24. Kh2 Qxf2# 
0-1

[Event "Nordic Chess Championship 2019"]
[Site "Quality Sarpsborg Hotel"]
[Date "2019.06.27"]
[Round "9"]
[White "Westerberg, Jonathan"]
[Black "Haugli, Petter"]
[Result "1-0"]
[WhiteElo "2545"]
[BlackElo "2223"]
[PlyCount "93"]
[EventDate "2019.??.??"]

1. d4 Nf6 2. Nf3 g6 3. Nbd2 Bg7 4. e4 d6 5. Bd3 O-O 6. O-O c6 7. c3 Qc7 8. Re1
e5 9. dxe5 dxe5 10. Nc4 Nh5 11. g3 b5 12. Ne3 Nd7 13. Bc2 a5 14. Ng4 Nc5 15.
Nh6+ Kh8 16. Nh4 Nf4 17. gxf4 Bxh6 18. f5 Bxc1 19. Qxc1 g5 20. Ng2 Qe7 21. Qe3
f6 22. h4 h6 23. hxg5 hxg5 24. Qg3 Bb7 25. Ne3 Kg7 26. Kg2 Rh8 27. Rh1 Rxh1 28.
Rxh1 Rh8 29. Rxh8 Kxh8 30. Ng4 Nd7 31. Qh3+ Qh7 32. Qd3 Qe7 33. Bb3 c5 34. Bd5
Bxd5 35. Qxd5 Kg7 36. Qc6 b4 37. Ne3 bxc3 38. bxc3 Qf7 39. Nd5 Kh6 40. Qc8 Kg7
41. Qd8 a4 42. Nc7 a3 43. Ne6+ Kh6 44. c4 Qh7 45. Kg3 Qf7 46. Qh8+ Qh7 47. Qe8
1-0

[Event "Nordic Chess Championship 2019"]
[Site "Quality Sarpsborg Hotel"]
[Date "2019.06.27"]
[Round "9"]
[White "Ingebretsen, Jens E"]
[Black "Chatalbashev, Boris"]
[Result "0-1"]
[WhiteElo "2263"]
[BlackElo "2527"]
[PlyCount "68"]
[EventDate "2019.??.??"]

1. c4 b6 2. d4 Bb7 3. Nc3 e6 4. a3 f5 5. d5 Nf6 6. g3 Na6 7. Bg2 Nc5 8. Bf4 Be7
9. Nf3 O-O 10. Nb5 d6 11. b4 Nce4 12. Nfd4 exd5 13. f3 dxc4 14. fxe4 Nxe4 15.
Ne6 Qd7 16. Nxf8 Rxf8 17. Nd4 g5 18. Bc1 c5 19. Nf3 Bf6 20. Be3 Nc3 21. Qc1 Re8
22. Kf1 f4 23. gxf4 gxf4 24. Bd2 Nxe2 25. Qxc4+ d5 26. Qa2 Ba6 27. Kf2 Bc4 28.
Qb1 Qg7 29. Bh3 Bd4+ 30. Nxd4 Qxd4+ 31. Kf3 Qxd2 32. Rg1+ Kh8 33. Bf5 Nxg1+ 34.
Qxg1 Be2+ 0-1

[Event "Nordic Chess Championship 2019"]
[Site "Quality Sarpsborg Hotel"]
[Date "2019.06.27"]
[Round "9"]
[White "Gretarsson, Helgi Ass"]
[Black "Ernst, Thomas"]
[Result "1-0"]
[WhiteElo "2433"]
[BlackElo "2342"]
[PlyCount "109"]
[EventDate "2019.??.??"]

1. Nf3 c5 2. g3 Nc6 3. Bg2 e5 4. c4 g6 5. O-O d6 6. Nc3 Bg7 7. a3 a5 8. Ne1 Be6
9. d3 Nge7 10. Nc2 d5 11. cxd5 Nxd5 12. Ne3 Nb6 13. Bxc6+ bxc6 14. Ne4 Qe7 15.
Qc2 Nd7 16. Nc4 O-O 17. Bg5 f6 18. Be3 Bd5 19. Ncd2 f5 20. Bxc5 Nxc5 21. Nxc5
Rfe8 22. e4 Bf7 23. b4 Reb8 24. Qc3 Rb5 25. Rfc1 Rab8 26. bxa5 Bh6 27. Na6 Ra8
28. Qxc6 Qb7 29. Nc7 Qxc6 30. Rxc6 Rc8 31. Nxb5 Rxc6 32. Nf3 Ra6 33. Nxe5 Bg7
34. f4 Rxa5 35. a4 fxe4 36. d4 Be8 37. Nc3 Bf8 38. Rb1 e3 39. Kg2 Bxa4 40. Kf3
Bc2 41. Rb2 Bf5 42. g4 Be6 43. Kxe3 Ra3 44. Kd3 Bd6 45. Rb6 Bxe5 46. fxe5 Bxg4
47. d5 Bf5+ 48. Kd4 Ra7 49. e6 Kg7 50. Ke5 Ra1 51. Rb7+ Kh6 52. Rb4 Kg7 53. d6
Re1+ 54. Ne4 Bxe4 55. Rxe4 1-0

[Event "Nordic Chess Championship 2019"]
[Site "Quality Sarpsborg Hotel"]
[Date "2019.06.21"]
[Round "9"]
[White "Ã~gaard, Leif"]
[Black "KvalÃ¸y, Aksel Bu"]
[Result "1/2-1/2"]
[WhiteElo "2385"]
[BlackElo "2138"]
[PlyCount "38"]
[EventDate "2019.??.??"]

1. d4 d5 2. c4 e6 3. Nc3 Bb4 4. e3 Nf6 5. Bd3 O-O 6. Nge2 c5 7. O-O cxd4 8.
exd4 dxc4 9. Bxc4 Nbd7 10. Qd3 a6 11. Qf3 Nb6 12. Bd3 Nbd5 13. Rd1 b6 14. Bg5
Bb7 15. Qh3 h6 16. Bd2 Bd6 17. Nxd5 Bxd5 18. Nc3 Bb7 19. Be3 Rc8 1/2-1/2

[Event "Nordic Chess Championship 2019"]
[Site "Quality Sarpsborg Hotel"]
[Date "2019.06.27"]
[Round "9"]
[White "Tryggestad, Andreas G"]
[Black "Getz, Nicolai"]
[Result "1/2-1/2"]
[WhiteElo "2324"]
[BlackElo "2380"]
[PlyCount "73"]
[EventDate "2019.??.??"]

1. d4 d6 2. e4 Nf6 3. Nc3 e5 4. Nf3 Nbd7 5. Bc4 Be7 6. O-O O-O 7. Re1 c6 8. a4
a5 9. h3 Nb6 10. Ba2 Nfd7 11. Be3 exd4 12. Nxd4 Nc5 13. Nf5 Bxf5 14. exf5 Bf6
15. Bxc5 dxc5 16. Ne4 Qxd1 17. Raxd1 Nxa4 18. Nxf6+ gxf6 19. Re7 b5 20. Be6 Nb6
21. Rd3 a4 22. Rg3+ Kh8 23. Bxf7 Nc8 24. Re1 Nd6 25. Be6 b4 26. Rd3 Nb5 27. Rd7
a3 28. bxa3 bxa3 29. Re4 Rfd8 30. Re7 Rd4 31. Re1 Nc3 32. Rf7 c4 33. Bd7 a2 34.
Kh2 a1=Q 35. Ree7 Rh4 36. Be8 Kg8 37. Rg7+ 1/2-1/2

[Event "Nordic Chess Championship 2019"]
[Site "Quality Sarpsborg Hotel"]
[Date "2019.06.27"]
[Round "9"]
[White "RydstrÃ¶m, Tom"]
[Black "Abdrlauf, Elham"]
[Result "0-1"]
[WhiteElo "2370"]
[BlackElo "2207"]
[PlyCount "63"]
[EventDate "2019.??.??"]

1. e4 e6 2. d4 b6 3. Nf3 Bb7 4. Bd3 g6 5. Bg5 Be7 6. Bxe7 Qxe7 7. O-O f5 8.
exf5 gxf5 9. Re1 Qf6 10. c4 Ne7 11. Nc3 Na6 12. a3 O-O-O 13. b4 Rhg8 14. Rc1
Nb8 15. g3 d6 16. Nb5 Nbc6 17. d5 Ne5 18. Nfd4 a6 19. Nc3 exd5 20. cxd5 Nxd5
21. Bxa6 Nxc3 22. Bxb7+ Kxb7 23. Rxc3 Rge8 24. Qc2 Qf7 25. Rc1 Rd7 26. a4 Qd5
27. Rd1 c5 28. Nxf5 Nf3+ 29. Rxf3 Qxf3 30. bxc5 Re2 31. Nxd6+ Rxd6 32. c6+ 0-1

[Event "Nordic Chess Championship 2019"]
[Site "Quality Sarpsborg Hotel"]
[Date "2019.06.27"]
[Round "9"]
[White "Dragicevic, Drazen"]
[Black "Wahlund, Max"]
[Result "1-0"]
[WhiteElo "2359"]
[BlackElo "2103"]
[PlyCount "53"]
[EventDate "2019.??.??"]

1. Nf3 Nf6 2. d4 g6 3. g3 d5 4. Bg2 Bg7 5. O-O O-O 6. c4 c6 7. b3 Nbd7 8. Nc3
Nb6 9. Ne5 Ng4 10. Nxg4 Bxg4 11. h3 Be6 12. cxd5 cxd5 13. Bf4 Qd7 14. Kh2 Rac8
15. Qd2 Rfd8 16. a4 Rc6 17. Rac1 h5 18. Rfd1 f5 19. Nb5 Nc8 20. Qa5 Rxc1 21.
Rxc1 a6 22. Nc7 Bf7 23. Qb4 a5 24. Qxa5 Bxd4 25. Nxd5 b6 26. Qd2 Bg7 27. Rxc8
1-0

[Event "Nordic Chess Championship 2019"]
[Site "Quality Sarpsborg Hotel"]
[Date "2019.06.27"]
[Round "9"]
[White "Blauhut, Holger"]
[Black "Vitenberg, Noam Aviv"]
[Result "0-1"]
[WhiteElo "2041"]
[BlackElo "2256"]
[PlyCount "80"]
[EventDate "2019.??.??"]

1. e4 e6 2. d4 d5 3. Bd3 dxe4 4. Bxe4 Nf6 5. Bf3 c5 6. Ne2 Nc6 7. Be3 cxd4 8.
Nxd4 Ne5 9. Nc3 a6 10. Qe2 Nxf3+ 11. Qxf3 e5 12. Nde2 Qc7 13. O-O Be7 14. Qg3
Be6 15. Rfd1 O-O 16. Bh6 Ne8 17. Rac1 Qc6 18. Be3 Nd6 19. b3 f6 20. Qh4 g5 21.
Qb4 Rac8 22. Qb6 Nf5 23. Qxc6 Rxc6 24. Ne4 Nxe3 25. fxe3 f5 26. Nd2 Ba3 27. Rb1
Rxc2 28. Kf1 f4 29. exf4 gxf4 30. Nf3 Bg4 31. Rd2 Rfc8 32. Rbd1 Bb4 33. Rxc2
Rxc2 34. h3 Bxf3 35. gxf3 Bd2 36. a4 Kf7 37. Ng1 Kg6 38. Ke2 Be3+ 39. Kd3 Rb2
40. Ke4 Rg2 0-1

[Event "Nordic Chess Championship 2019"]
[Site "Quality Sarpsborg Hotel"]
[Date "2019.06.27"]
[Round "9"]
[White "AsbjÃ¸rnsen, Jakob"]
[Black "Altarbosh, Ward"]
[Result "0-1"]
[WhiteElo "1359"]
[BlackElo "2250"]
[PlyCount "60"]
[EventDate "2019.??.??"]

1. e4 e6 2. d4 d5 3. Nd2 c5 4. exd5 Qxd5 5. dxc5 Bxc5 6. Ngf3 Nf6 7. Bc4 Qh5 8.
O-O O-O 9. b3 e5 10. h3 e4 11. Nh2 Bxf2+ 12. Kxf2 Qe5 13. Ba3 Qxh2 14. Bxf8
Bxh3 15. Bc5 Ng4+ 16. Ke1 Qg3+ 17. Bf2 Nxf2 18. Rxf2 e3 19. Ne4 exf2+ 20. Nxf2
Nc6 21. gxh3 Qg1+ 22. Kd2 Qxf2+ 23. Kc1 Rd8 24. Bd5 Qf6 25. Kb1 Nb4 26. c4 g6
27. Qh1 Qc3 28. Qg2 Re8 29. Bxf7+ Kxf7 30. Qxb7+ Re7 0-1